Warehouse Management (Record no. 27387)
[ view plain ]
| 000 -LEADER | |
|---|---|
| fixed length control field | 04378nam a22006615i 4500 |
| 001 - CONTROL NUMBER | |
| control field | 978-3-540-35220-4 |
| 003 - CONTROL NUMBER IDENTIFIER | |
| control field | DE-He213 |
| 005 - DATE AND TIME OF LATEST TRANSACTION | |
| control field | 20240716154223.0 |
| 006 - FIXED-LENGTH DATA ELEMENTS--ADDITIONAL MATERIAL CHARACTERISTICS | |
| fixed length control field | a|||||o|||| 00| 0 |
| 007 - PHYSICAL DESCRIPTION FIXED FIELD--GENERAL INFORMATION | |
| fixed length control field | cr nn 008mamaa |
| 008 - FIXED-LENGTH DATA ELEMENTS--GENERAL INFORMATION | |
| fixed length control field | 100301s2007 gw | s |||| 0|eng d |
| 020 ## - INTERNATIONAL STANDARD BOOK NUMBER | |
| International Standard Book Number | 9783540352204 |
| 024 7# - OTHER STANDARD IDENTIFIER | |
| Standard number or code | 10.1007/978-3-540-35220-4 |
| Source of number or code | doi |
| 040 ## - CATALOGING SOURCE | |
| Transcribing agency | imu-kc |
| 050 #4 - LIBRARY OF CONGRESS CALL NUMBER | |
| Classification number | HD28-70 |
| 072 #7 - SUBJECT CATEGORY CODE | |
| Subject category code | TBC |
| Source | bicssc |
| Subject category code | KJM |
| Source | bicssc |
| Subject category code | TEC000000 |
| Source | bisacsh |
| Subject category code | TBC |
| Source | thema |
| Subject category code | KJM |
| Source | thema |
| 082 04 - DEWEY DECIMAL CLASSIFICATION NUMBER | |
| Classification number | 658.5 |
| Edition number | 23 |
| 100 1# - MAIN ENTRY--PERSONAL NAME | |
| Personal name | Hompel, Michael. |
| Relator term | author. |
| Relationship | aut |
| -- | http://id.loc.gov/vocabulary/relators/aut |
| 245 10 - TITLE STATEMENT | |
| Title | Warehouse Management |
| Medium | [electronic resource] : |
| Remainder of title | Automation and Organisation of Warehouse and Order Picking Systems / |
| Statement of responsibility, etc. | by Michael Hompel, Thorsten Schmidt. |
| 250 ## - EDITION STATEMENT | |
| Edition statement | 1st ed. 2007. |
| 264 #1 - PRODUCTION, PUBLICATION, DISTRIBUTION, MANUFACTURE, AND COPYRIGHT NOTICE | |
| Place of production, publication, distribution, manufacture | Berlin, Heidelberg : |
| Name of producer, publisher, distributor, manufacturer | Springer Berlin Heidelberg : |
| -- | Imprint: Springer, |
| Date of production, publication, distribution, manufacture, or copyright notice | 2007. |
| 300 ## - PHYSICAL DESCRIPTION | |
| Extent | XII, 356 p. |
| Other physical details | online resource. |
| 336 ## - CONTENT TYPE | |
| Content type term | text |
| Content type code | txt |
| Source | rdacontent |
| 337 ## - MEDIA TYPE | |
| Media type term | computer |
| Media type code | c |
| Source | rdamedia |
| 338 ## - CARRIER TYPE | |
| Carrier type term | online resource |
| Carrier type code | cr |
| Source | rdacarrier |
| 347 ## - DIGITAL FILE CHARACTERISTICS | |
| File type | text file |
| Encoding format | |
| Source | rda |
| 490 1# - SERIES STATEMENT | |
| Series statement | Intralogistik, |
| International Standard Serial Number | 2945-7971 |
| 505 0# - FORMATTED CONTENTS NOTE | |
| Formatted contents note | Management of Warehouse Systems -- Fundamentals of an Operational Optimization -- Warehousing and Conveying Principles -- Automation of the Material Flow -- Automatic Identification -- Information and Communication Technology -- Realization of Warehouse Management Systems -- Structure of a WMS from the Example of myWMS. |
| 520 ## - SUMMARY, ETC. | |
| Summary, etc. | Modern warehouse and distribution systems constitute highly complex nodes within the value-added supply chain and have to meet a variety of requirements with regard to time, costs and quality. The efficient operation of such systems is a continuous challenge for anyone in charge. Recent developments of advanced computerbased control technologies provide the necessary control and management systems (Warehouse Management Systems, WMS). Nevertheless, due to the high complexity users often find it hard to handle. The design, choice and operation of a WMS requires an extensive know-how and experience because of the large variety of solutions and system requirements. This book gives an overview of possible solutions and helps to make the right choice. It presents the background, potentials but also risks and strategies. It sets the basis for comparisons for all those readers who are responsible for the evaluation and specification of warehouse management systems. Furthermore, it is meant as basic support for students and interested beginners. This book is based on practical knowledge without neglecting the basic context or implying special technical knowledge. Some basic processes and technologies which are required for a better understanding are described in detail. System-developers find some new ideas when problems and limits of current developments are discussed. New approaches with regard to the structure and design of WMS are presented. With the book the customer receives a simple and well documented WMS based on the open-source initiative myWMS. The software can be operated on a common PC independent of the platform and without any obligatory user login data. Thus, the operation, function and benefits of a WMS can be visualized. |
| 650 #0 - SUBJECT ADDED ENTRY--TOPICAL TERM | |
| Topical term or geographic name entry element | Industrial Management. |
| Topical term or geographic name entry element | Production management. |
| Topical term or geographic name entry element | Control engineering. |
| Topical term or geographic name entry element | Robotics. |
| Topical term or geographic name entry element | Automation. |
| Topical term or geographic name entry element | Industrial engineering. |
| Topical term or geographic name entry element | Production engineering. |
| Topical term or geographic name entry element | Computer-aided engineering. |
| Topical term or geographic name entry element | Industrial Management. |
| Topical term or geographic name entry element | Operations Management. |
| Topical term or geographic name entry element | Control, Robotics, Automation. |
| Topical term or geographic name entry element | Industrial and Production Engineering. |
| Topical term or geographic name entry element | Computer-Aided Engineering (CAD, CAE) and Design. |
| 700 1# - ADDED ENTRY--PERSONAL NAME | |
| Personal name | Schmidt, Thorsten. |
| Relator term | author. |
| Relationship | aut |
| -- | http://id.loc.gov/vocabulary/relators/aut |
| 710 2# - ADDED ENTRY--CORPORATE NAME | |
| Corporate name or jurisdiction name as entry element | SpringerLink (Online service) |
| 773 0# - HOST ITEM ENTRY | |
| Title | Springer Nature eBook |
| 776 08 - ADDITIONAL PHYSICAL FORM ENTRY | |
| Relationship information | Printed edition: |
| International Standard Book Number | 9783540825487 |
| Relationship information | Printed edition: |
| International Standard Book Number | 9783540352181 |
| Relationship information | Printed edition: |
| International Standard Book Number | 9783642439896 |
| 830 #0 - SERIES ADDED ENTRY--UNIFORM TITLE | |
| Uniform title | Intralogistik, |
| International Standard Serial Number | 2945-7971 |
| 856 40 - ELECTRONIC LOCATION AND ACCESS | |
| Uniform Resource Identifier | <a href="https://doi.org/10.1007/978-3-540-35220-4">https://doi.org/10.1007/978-3-540-35220-4</a> |
| 942 ## - ADDED ENTRY ELEMENTS (KOHA) | |
| Source of classification or shelving scheme | |
| Koha item type | E-Book |
No items available.